La Colonia primero de Julio y la clase media emergente /
Este libro es la reconstrucción de la vida de los habitantes de la colonia Primero de Julio en Mixco, desde que se inauguró en 1967. como parte de un proyecto de vivienda pública durante el gobierno de Julio César Méndez Montenegro. El proyecto se dirigió a una población no indígena que debía ser l...
Збережено в:
| Автор: | |
|---|---|
| Формат: | Текст |
| Мова: | Spanish |
| Опубліковано: |
FLACSO
|
| Предмети: | |
| Теги: |
Додати тег
Немає тегів, Будьте першим, хто поставить тег для цього запису!
|
MARC
| LEADER | 00000 a a2200000 04500 | ||
|---|---|---|---|
| 001 | 33982 | ||
| 003 | cru CIDCACS/IIS | ||
| 005 | 20171110125812.0 | ||
| 008 | 171110b xxu||||| |||| 00| 0 spa d | ||
| 999 | |c 13536 |d 13536 | ||
| 020 | |a 99939-72-08-8 | ||
| 040 | |c CIDCACS/IIS | ||
| 090 | |a 05.03.05 C211c | ||
| 100 | |a Camus, Manuela | ||
| 245 | |a La Colonia primero de Julio y la clase media emergente / |c Manuela Camus | ||
| 260 | |a FLACSO | ||
| 300 | |a 305 páginas |b ilustrado | ||
| 520 | |a Este libro es la reconstrucción de la vida de los habitantes de la colonia Primero de Julio en Mixco, desde que se inauguró en 1967. como parte de un proyecto de vivienda pública durante el gobierno de Julio César Méndez Montenegro. El proyecto se dirigió a una población no indígena que debía ser la "clase media emergente", el motor de una país "moderno" ligado a los procesos de desarrollo económico y urbanización. La investigación recoge lo que experimentaron, desde entonces, las diferentes generaciones y cómo han sobrevivido en una Guatemala turbulenta, entre la utopía del cambio y la realidad violenta del inmovilismo | ||
| 650 | |a CLASE MEDIA | ||
| 650 | |a COMUNIDADES URBANAS | ||
| 650 | |a CAMBIO SOCIAL | ||
| 650 | |a MODERNIZACION | ||
| 650 | |a HISTORIAS DE VIDA | ||
| 650 | |a MOVILIDAD SOCIAL | ||
| 650 | |a RECESION ECONOMICA | ||
| 650 | |a VIOLENCIA | ||
| 942 | |2 ddc |c LI | ||



